| 000 | 02122cam a22001934a 4500 | ||
|---|---|---|---|
| 005 | 20250605164122.0 | ||
| 008 | 250528s ||||||||||||||||||||||||d | ||
| 035 | _a18334 | ||
| 020 | _a9607247345 | ||
| 040 |
_aGR-AtMCL _bgre _dGR-AtMCL _eAACR2 |
||
| 245 | 1 | _aΕισαγωγή στην Ιδιωτική Ασφάλιση / Γ' Έκδοση | |
| 260 |
_bFinancial Forum, _c1998 |
||
| 300 | _a480 | ||
| 520 | _aΒασικές Έννοιες του Κινδύνου και της Ασφάλισης, Η Έννοια του Κινδύνου, Ο Μηχανισμός της Ασφάλισης, Διαχείριση Κινδύνων, Ο Νόμος και το Ασφαλιστήριο Συμβόλαιο, Βασικές Νομικές Αρχές, Ανάλυση των Ασφαλιστήριων Συμβολαίων, Ασφάλιση Ζωής και Υγείας, Οι Βάσεις της Ασφάλισης Ζωής, Τύποι Ασφάλισης Ζωής και Ραντών, Συμβατικοί Όροι του Ασφαλιστήριου Ζωής, Η Αγορά ενός Ασφαλιστήριου Ζωής, Βασικές Αρχές Προγραμματισμού της Ασφάλισης Ζωής, Ατομική Ασφάλιση Υγείας, Ομαδικές Ασφαλίσεις Ζωής και Υγείας, Ομαδικά Συνταξιοδοτικά Προγράμματα, Ασφάλιση Περιουσίας και Ευθύνης, Ασφάλιση Πυρός, Ασφάλιση Αυτοκινήτων, Αυτοκίνητο και Διαχείριση Κινδύνων, Οργάνωση και Λειτουργία Ασφαλιστικών Επιχειρήσεων, Οι Διάφορες Λειτουργίες της Ασφαλιστικής Επιχείρησης, Κατηγορίες Ασφαλιστών και Διαμεσολαβούντων, Κρατική Εποπτεία στις Ασφαλίσεις, Η Ελληνική Ασφαλιστική Αγορά, Παραρτήματα. | ||
| 700 | 1 |
_aΝεκτάριος Μιλτιάδης _94609 |
|
| 942 | _cBK | ||
| 999 |
_c3697 _d3697 |
||